[Event "SVK-chT2B 0708"]
[Site "Slovakia"]
[Date "2007.10.06"]
[Round "1.5"]
[White "Ragas, Tomas"]
[Black "Alexy, Peter"]
[Result "0-1"]
[WhiteElo "1350"]
[BlackElo "1934"]
[PlyCount "91"]
[EventDate "2007.10.06"]
[EventType "team-tourn"]
[EventRounds "11"]
[EventCountry "SVK"]
[SourceTitle "EXT 2010"]
[Source "ChessBase"]
[SourceDate "2010.11.25"]
[SourceVersion "1"]
[SourceVersionDate "2010.11.25"]
[SourceQuality "1"]
[WhiteTeam "Topolcianky SK"]
[BlackTeam "Partizanske SK Neomax"]
[WhiteTeamCountry "SVK"]
[BlackTeamCountry "SVK"]

1. e4 c5 2. Nf3 e6 3. d4 cxd4 4. Nxd4 Nf6 5. Bg5 Qa5+ 6. Bd2 Qb6 7. Nb3 Nxe4 8. Be3 Qc7 9. Bd3 Nf6 10. N1d2 d5 11. c3 Be7 12. Qc2 Nc6 13. h3 Bd7 14. Nd4 Nxd4 15. Bxd4 e5 16. Be3 0-0 17. 0-0 b6 18. Bg5 e4 19. Be2 Rfe8 20. Bh4 Rad8 21. Nb3 Ba4 22. Bg3 Bd6 23. Bxd6 Rxd6 24. Rad1 Nd7 25. Rd4 Bxb3 26. axb3 Nc5 27. Bg4 g6 28. b4 Nd3 29. Qa4 Red8 30. Ra1 Nxb2 31. Qxa7 Qxc3 32. Rdd1 Nxd1 33. Rxd1 Qxb4 34. Rc1 h5 35. Bc8 Qd2 36. Rc7 Qe1+ 37. Kh2 Qxf2 38. Qa1 Qf4+ 39. Kg1 e3 40. Ba6 Qf2+ 41. Kh1 e2 42. Rc1 d4 43. Re1 d3 44. Qc3 Qxe1+ 45. Qxe1 d2 46. Qxe2 0-1